Vítězslav Novák sa dožíva 75 rokov

Podrobná bibliografia
Hlavný autor: Kresánek, Jozef, 1913-1986 (Autor)
Médium: Článok
Jazyk:slovenčina

MARC

LEADER 00000nab a2200000uu 4500
001 vtls011523698
003 SK-MaSNL
005 20260303181454.0
008 230704|1945 xo |||||||||||||||||slo|
015 |a SNBRB 
035 |a (urnnbn)urn:nbn:sk:snk:ar-0025c1 
035 |a (uuid)049cb6b9-457e-43e8-ab9d-8e4963ae7bad 
035 |a urn:nbn:sk:snk-abebes 
040 |a SNKBUCL  |b slo  |c SNKBUCL  |e AACR2 
041 0 |a slo 
044 |a xo  |c SK 
100 1 |a Kresánek, Jozef,  |d 1913-1986  |4 aut  |9 40266 
245 1 0 |a Vítězslav Novák sa dožíva 75 rokov  |c Jozef Kresánek 
773 0 |t Slovenské pohľady  |g Roč. 61, č. 12 (1945), s. 476-481 
850 |a Slovenská národná knižnica 
852 |a Slovenská národná knižnica 
954 |a odborná, vedecká literatúra pôvodná (slovenská)  |2 lita 
958 |a OND 
958 |a EUIPO 
958 |a article21 
999 |c 2112421  |d 2114351